000 00785nam a2200253 i 4500
001 122026
003 ES-MaACL
005 20230906191907.0
007 t|
008 070214s1952 sp |||| | spa d
080 _a821.134.2-13"11"
080 _a821.134.2-13"13"
130 0 _aPoema del Cid.
_9123904
245 1 0 _aPoema del Mío Cid
_b; y Cantar de Rodrigo /
_canónimos ; prólogo, transcripción moderna en verso romance y notas de Luis Guarner.
246 1 0 _aCantar de Rodrigo
260 _aBarcelona :
_bIberia,
_c1952.
300 _a264 p. ;
_c19 cm.
490 1 _aObras maestras
700 1 _aGuarner, Luis.
_960341
730 0 _aRodrigo y el Rey Don Fernando.
_9124340
830 0 _aObras maestras
_9181001
852 _aES-MaACL
_jD-9179
999 _c122026
_d122026